Lý thuyết hồi quy và ứng dụng
Một số kiến thức cơ sở. Thống kê các tham số hồi quy. Một số ứng dụng của hồi quy.
Đã lưu trong:
| Tác giả chính: | |
|---|---|
| Tác giả khác: | |
| Định dạng: | Sách |
| Ngôn ngữ: | Vietnamese |
| Được phát hành: |
Đà Nẵng
Đại học Đà Nẵng
2008
|
| Loạt: | Luận văn Thạc sĩ Khoa học. Ngành: Phương pháp toán sơ cấp. Mã số: 60.46.40
|
| Những chủ đề: | |
| Các nhãn: |
Thêm thẻ
Không có thẻ, Là người đầu tiên thẻ bản ghi này!
|
| Thư viện lưu trữ: | Mạng thư viện Đại học Đà Nẵng |
|---|
| LEADER | 01419nam a2200361 4500 | ||
|---|---|---|---|
| 001 | 000010241 | ||
| 003 | 6443 | ||
| 005 | 20120228080240.0 | ||
| 008 | 111212s2008 viesd | ||
| 041 | |a vie | ||
| 072 | |a Luận văn Thạc sĩ Khoa học | ||
| 082 | |a 519.2 |b CA-C | ||
| 100 | |a Cao Ngọc Châu | ||
| 245 | |a Lý thuyết hồi quy và ứng dụng |c Cao Ngọc Châu | ||
| 260 | |a Đà Nẵng |b Đại học Đà Nẵng |c 2008 | ||
| 300 | |a 86 tr. |c 29 cm |e CD. Bản tóm tắt | ||
| 490 | |a Luận văn Thạc sĩ Khoa học. Ngành: Phương pháp toán sơ cấp. Mã số: 60.46.40 | ||
| 520 | |a Một số kiến thức cơ sở. Thống kê các tham số hồi quy. Một số ứng dụng của hồi quy. | ||
| 653 | |a Tham số hồi quy | ||
| 653 | |a Ứng dụng tham số hồi quy | ||
| 653 | |a Luận văn Thạc sĩ Toán sơ cấp | ||
| 653 | |a Toán học | ||
| 700 | |a Cao Văn Nuôi |c TS |e Hướng dẫn | ||
| OWN | |a LSP | ||
| AVA | |a UDN50 |b LSP |d 519.2 CA-C |e available |t Error 5001 Not defined in file expand_doc_bib_avail. |f 1 |g 0 |h N |i 0 |k 1 | ||
| 999 | |a From the UDN01 | ||
| AVA | |a UDN50 |b LSP |d 519.2 CA-C |e available |t Error 5001 Not defined in file expand_doc_bib_avail. |f 1 |g 0 |h N |i 0 |k 1 | ||
| TYP | |a Monograph | ||
| TYP | |a Printed language | ||
| 980 | |a Mạng thư viện Đại học Đà Nẵng | ||